Citations Français - Statistiques

Statistiques générales
  • Ce quiz a été pris 3 fois
  • Le résultat moyen est 3 sur 30
Statistiques - réponses
Hint Réponse % Correct
Le jeu de l'amour et du hasard Je veux un contrat entre amour et raison
67%
Huis-Clos L'enfer c'est les autres
67%
Ruy Blas Bon appétit, messieurs !
33%
Médée Medea Fiam / Medea nunc sum
33%
Le Cid Ô rage ! Ô désespoir ! Ô vieillesse ennemie ! N'ai-je donc tant vécu que pour cette infamie
33%
Le mariage de Figaro La folie, en amour, est la plus sage des conduites
33%
Ubu roi Merdre
33%
Cyrano de Bergerac Tirade du nez
33%
Vous qui habitez le temps Appelons-nous les choses pour qu'elles viennent ? Appelons-nous les choses pour qu'elles soient ?
0%
Partage de midi Ce n'est point le temps qui manque, c'est nous qui lui manquons.
0%
Oedipe Roi Faut-il se tourmenter sans trève ? L'homme est l'esclave du hasard
0%
Dom Juan J'ai pris, depuis longtemps, la résolution de ne jamais aimer qu'une seule femme, et de n'aimer cette femme-là qu'une fois
0%
Le Misanthrope Je veux qu'on soit sincère, et qu'en homme d'honneur, On ne lâche aucun mot qui ne parte du coeur
0%
La guerre de Troie n'aura pas lieu La guerre c'est le massacre des gens qui ne se connaissent pas au profit des gens qui se connaissent mais ne se massacre pas.
0%
Le fils naturel Le vice est dans la société, la vertu dans le cœur des individus
0%
La répétition ou l'amour puni Il y a une chose plus triste que de ne pas être aimé, c'est de ne pas savoir aimer
0%
Combat de nègre et de chiens Je veux bien travailler. Mais ce que je ne veux pas, c'est être détruit en travaillant.
0%
J'étais dans ma maison et j'attendais que la pluie vienne L'AÎNÉE. — J'aurai des souvenirs, cela suffira à ma vie, cela devrait suffire à ma vie, j'aurai des souvenirs et mes souvenirs me feront une vie paisible.
0%
La musica 2 La vie c'est ça, un bout de lumière qui finit dans l'ombre.
0%
La comédie du langage Le langage est un obstacle à la communication.
0%
Andromaque Les plus cruels tyrans ne sont pas ceux qui exercent leur pouvoir par la force, mais ceux qui, en abusant de leur faiblesse, ont su captiver leur cœur
0%
Lorenzaccio Le vice a été pour moi un vêtement, maintenant il est collé à ma peau.
0%
Victor ou les enfants au pouvoir Nos pouvoirs ne sont rien s'ils ne servent pas à protéger ceux qui sont plus faibles que nous
0%
11 septembre 2001 Nous devons nous rappeler que nous sommes tous unis dans notre humanité, et que c'est cette humanité qui nous permettra de surmonter toutes les épreuves.
0%
En attendant Godot Nous ne pouvons pas nous arrêter de parler, sinon nous mourrons vraiment
0%
Rhinocéros Nous ne pouvons pas nous arrêter de parler, sinon nous mourrons vraiment
0%
L'autre Nous ne sommes pas seulement notre passé, nous sommes aussi notre présent et notre avenir. Nous pouvons choisir qui nous voulons être, peu importe d'où nous venons.
0%
Les bonnes Nous serons des bonnes tellement parfaites que rien ne pourra nous distinguer d'elles.
0%
Pour un oui ou pour un non Pour un oui ou pour un non, tout peut basculer, tout peut changer.
0%
Les justes Si la seule solution est la mort, nous ne sommes pas sur la bonne voie. La bonne voie est celle qui mène à la vie, au soleil.
0%
Aucun quiz correspondant
Distribution des résultats
% des personnes avec chaque résultat
Percentile par nombre de réponses
Votre historique - résultats
Vous n’avez pas pris ce quiz